000 01171nas a2200289 c 4500
003 BLK
005 20180421002927.0
008 180413b bul |a|er|||| |0| c|bulo|
010 _aPRD00000509000
022 _a0070-251X
040 _aBLK
041 _aFRE
_cFRE
_hENG
080 _aИстория. Вж и (091) ; (093)
_b93/99
_x(498)
_z93/99(498)
110 1 _aAcademie Roumaine, Inst. d' Archeologie V. Parvan
_eRed. in chef : Alexandru Vulpe
_9356955
245 1 0 _aDACIA
_bRevue d'Archeologie et d'Histoire Ancienne : Nouvelle serie
_cAcademie Roumaine, Inst. d' Archeologie V. Parvan ; Red. in chef : Alexandru Vulpe
_fНачална год. на издаване: № 1 (1957),
257 _aROM
260 Bucarest
_bAcademiei Romane
_c2002
_fOrion Pres Impex 2000
300 _c29
310 периодичност: 0
_bабонамент за: 2009
_dдни, в които се получава: 0000000
_eсрок за съхранение: 99
380 _a9
650 4 _aАрхеология
_9147536
852 _aБ 1813
856 _qpdf
_u
856 _qpdf
_u
942 _cCPU
_n0
_s1
944 _aCR
_cВализар_Великов
_k28.01.2008
944 _aED
_c
_k26.07.2013
999 _c289982
_d289982